000 nam a22 7a 4500
999 _c29214
_d29214
008 171122b xxu||||| |||| 00| 0 eng d
020 _a9789966285263
050 _aPE 115 S25 2013
100 _aSaleemi, N. A.
245 _aBusiness English simplifed /
260 _aNairobi:
_bSaleemi Publication,
_c2013.
300 _a604p. ;
_c21 cm.
650 _aBusiness communication.
942 _2lcc
_cSH_L_BOOKS
_hPE 115 S25 2013